• 首页
  • 本馆介绍
  • 公告通知
  • 最新文献
  • 馆藏检索
  • 电子资源
  • 读者导购
  • 参考咨询
  • 我的图书馆
  • 登录
  • 详细信息显示
  • 放入我的书架
  • 预约/预借图书
  • 作者相关作品
  • 分类相关作品
  • 丛书相关作品
  • 出版社相关作品

书目信息

  • 表格格式
  • 工作单格式
  • 卡片格式
题名:
电脑家用888问
    
 
作者: 王智毅 编著
分册:  
出版信息: 北京   金盾出版社  2003.10
页数: 284页
开本: 26cm
丛书名:
单 册:
中图分类: TP3-44
科图分类:
主题词: 计算技术 , 电子计算机
电子资源:
ISBN: 7-5082-2697-6
000 00595nam0 2200217 450
001 0433196633
005 20040223091316.58
010    @a7-5082-2697-6@dCNY23.00
100    @a20040223d2003 km y0chiy0120 ea
101 0  @achi
102    @aCN@b110000
102    @aCN@b110000
200 1  @a电脑家用888问@Adian nao jia yong 888 wen@f王智毅编著@Fwang zhi yi bian zhu
210    @a北京@c金盾出版社@d2003.10
215    @a284页@d26cm
606 0  @a计算技术
606 0  @a电子计算机
690    @aTP3-44@v4
701  0 @a王智毅@Awang zhi yi@4编著
801  0 @aCN@bPFT@c20040223
905    @aBZT@dTP3-44@e1@f6
    
    电脑家用888问/王智毅编著.-北京:金盾出版社,2003.10
    284页;26cm
    
    
    ISBN 7-5082-2697-6:CNY23.00
    
●
相关链接 在五车中查询图书 在当当中查询图书 在豆瓣中查询图书


正题名:电脑家用888问     索取号:TP3-44/1         预约/预借

序号 登录号 条形码 馆藏地/架位号 状态 备注
1 0357120   230085775   中心书库中库/ 中库028架B面6列5层29/ [索取号:TP3-44/1] 在馆    
2 0357121   230085251   中心书库中库/ 中库028架B面6列5层30/ [索取号:TP3-44/1] 在馆    
3 0357124   200395991   中心书库中库/ 中库028架B面6列4层70/ [索取号:TP3-44/1] 在馆    
4 2001740093   2001740093   样本书库/样005架A面3层2列/ [索取号:TP3-44/1] 在馆    
山东省滨州职业学院图书馆 欢迎您!
大连网信软件有限公司© 版权所有